| 000 | 00751nam0a22002411 4500 | ||
|---|---|---|---|
| 001 | v19\rc\1872573 | ||
| 005 | 20250619162727.0 | ||
| 035 | _a(NLR Aleph) 004963476 | ||
| 090 |
_a6008661 _c6008661 |
||
| 100 | _a20080221d1911 |||y0rusy50 ca | ||
| 101 | 0 | _arus | |
| 102 | _aRU | ||
| 105 | _ay z ||||| | ||
| 200 | 1 |
_aЖизнь божьего мира _eВнеклас. беседы учителя с учениками сел. нар. шк. повыш. типа _fС.А.К. |
|
| 210 |
_aКазань _cтип. Д.М. Грань _d1911 |
||
| 215 |
_aII, 123 с. _d22 |
||
| 702 | 0 |
_aС. А. К. _4220 |
|
| 801 | 0 |
_aRU _bNLR _gpsbo |
|
| 801 | 0 |
_aRU _bRuMoRGB _2psbo |
|
| 801 | 1 |
_aRU _bProSoft-M _2rusmarc |
|
| 852 |
_aNLR _j81-7/1462 |
||
| 942 | _cBOOK | ||
| 980 | _aNB | ||